Classement Ligue 1 2024/2025 - Statistiques

Statistiques générales
  • Ce quiz a été pris 88 fois
  • Le résultat moyen est 15 sur 18
Statistiques - réponses
Classement Clubs % Correct
2 OM
100%
1 PSG
100%
3 Monaco
99%
6 OL
96%
4 Nice
95%
8 Lens
92%
10 Toulouse
90%
13 Nantes
88%
7 Strasbourg
88%
9 Brest
87%
12 Rennes
87%
5 LOSC
84%
14 Angers
82%
17 ASSE
81%
15 Le Havre
77%
11 Auxerre
73%
16 Reims
73%
18 Montpelliers
49%
Aucun quiz correspondant
Distribution des résultats
% des personnes avec chaque résultat
Percentile par nombre de réponses
Votre historique - résultats
Vous n’avez pas pris ce quiz